OROGÉNESIS. GIBRALTAR (Record no. 799)

MARC details
000 -LEADER
campo de control de longitud fija 00477nam a22001337a 4500
008 - DATOS DE LONGITUD FIJA--INFORMACIÓN GENERAL
campo de control de longitud fija 151127b xxu||||| |||| 00| 0 eng d
020 ## - NÚMERO INTERNACIONAL ESTÁNDAR DEL LIBRO
Número Internacional Estándar del Libro 9788461206278
082 ## - NÚMERO DE LA CLASIFICACIÓN DECIMAL DEWEY
Número de clasificación 778.936
Número de ítem F6810o
100 ## - ENTRADA PRINCIPAL--NOMBRE DE PERSONA
Nombre de persona FONTCUBERTA VILLÀ, JOAN
9 (RLIN) 4258
245 ## - MENCIÓN DEL TÍTULO
Título OROGÉNESIS. GIBRALTAR
Mención de responsabilidad, etc. Olmo, Santiago; Jular, Eva.
260 ## - PUBLICACIÓN, DISTRIBUCIÓN, ETC.
Lugar de publicación, distribución, etc. España
Nombre del editor, distribuidor, etc. Universidad de Navarra-Fundacion Universidad de Navarra
Fecha de publicación, distribución, etc. 2007
300 ## - DESCRIPCIÓN FÍSICA
Extensión 64 p.
Otras características físicas ill;
Dimensiones 20 cm
650 ## - PUNTO DE ACCESO ADICIONAL DE MATERIA--TÉRMINO DE MATERIA
Término de materia o nombre geográfico como elemento de entrada Joan Fontcuberta
Subdivisión de forma Lugares
Subdivisión general Fotografia
Subdivisión geográfica Gibraltar
9 (RLIN) 4259
Holdings
Estatus retirado Estado de pérdida Fuente del sistema de clasificación o colocación Estado de daño No para préstamo Biblioteca de origen Biblioteca actual Ubicación en estantería Fecha de adquisición Total de préstamos Signatura topográfica completa Código de barras Visto por última vez Precio de reemplazo Tipo de ítem Koha
    Clasificación Decimal Dewey     Biblioteca LadoV Biblioteca LadoV   27/11/2015   778.936 F6810o 000750 27/11/2015 27/11/2015 Material 01